00242nam a2200109Ia 4500008004100000041001200041082001100053100001300064245004200077260000600119650000700125221030s9999 xx 000 0 und d aEnglish a105.23 aN. Kumar 0aOrganisational Behaviourcby N. Kumar c0 aMb